|
|
|
|
| LEADER |
01265nam a22003014a 4500 |
| 001 |
36054 |
| 003 |
BD-DhAAL |
| 005 |
20211206122945.0 |
| 008 |
030320t1999 enk b 001 0 eng d |
| 999 |
|
|
|c 42286
|d 42286
|
| 010 |
|
|
|a 00708558
|
| 020 |
|
|
|a 0761965548
|
| 020 |
|
|
|a 0761965556 (pbk.)
|
| 040 |
|
|
|a DLC
|c DLC
|d DLC
|d BD-DhAAL
|
| 050 |
0 |
0 |
|a LB2900.5
|b .E36 1999
|
| 082 |
0 |
0 |
|a 371.200941
|2 21
|
| 245 |
0 |
0 |
|a Educational management :
|b redefining theory, policy, and practice /
|c edited by Tony Bush ... [et al.].
|
| 260 |
|
|
|a London ;
|a Thousand Oaks, California :
|b Paul Chapman Pub.,
|c c1999.
|
| 300 |
|
|
|a viii, 245 pages ;
|c 24 cm.
|
| 504 |
|
|
|a Includes bibliographical references and index.
|
| 526 |
|
|
|a AAL
|
| 541 |
|
|
|a Complimentary copy from BIED
|e 36054
|
| 650 |
|
0 |
|a School management and organization
|z Great Britain.
|9 39711
|
| 700 |
1 |
|
|a Bush, Tony.
|9 39712
|
| 710 |
2 |
|
|a Standing Conference for Research in Educational Leadership and Management.
|9 39713
|
| 852 |
|
|
|a Ayesha Abed Library
|c BIED Collection
|
| 942 |
|
|
|2 ddc
|c BK
|
| 952 |
|
|
|0 0
|1 0
|2 ddc
|4 0
|6 371_200941000000000_EDU
|7 0
|9 68084
|a BRACUL
|b BRACUL
|c GEN
|d 2020-03-03
|e Complimentary copy from BIED
|l 0
|o 371.200941 EDU
|p 3010036054
|r 2020-03-03
|t 1
|w 2020-03-03
|y BK
|x Transferred from BIED to General Stacks
|